LEADER 01071nam1 2200373 450 001 990000619990203316 035 $a0061999 035 $aUSA010061999 035 $a(ALEPH)000061999USA01 035 $a0061999 100 $a20010911d--------km-y0itay0103----ba 101 $aita 102 $aIT 105 $a||||||||001yy 200 1 $aOpere di Francesco Ferrari$fedizione diretta da Gadriele De Rosa 210 $aRoma$cEdizione di storia e letteratura 215 $av.$d26 cm 410 $12001 461 1$1001-------$12001 606 0 $aItalia$xPolitica$z1910-1933 606 0 $aMovimento cattolico$yItalia$z1910-1933 676 $a945.091 700 1$aFERRARI,$bFrancesco Luigi$0437384 702 1$aDE ROSA,$bGrabiele 801 0$aIT$bsalbc$gISBD 912 $a990000619990203316 951 $aIII E 1743$bLM$cIII E 959 $aBK 969 $aUMA 979 $aPATTY$b90$c20010911$lUSA01$h1243 979 $c20020403$lUSA01$h1711 979 $aPATRY$b90$c20040406$lUSA01$h1643 996 $aOpere di Francesco Ferrari$9956889 997 $aUNISA LEADER 01091cam0 2200277 450 001 E600200017346 005 20231220115825.0 100 $a20060327d2004 |||||ita|0103 ba 101 $aita 102 $aIT 200 1 $aFisco$eedilizia e proprietà immobiliare$e commento alla vigente normativa. Annotato con la prassi ministeriale, la giurisprudenza e la dottrina. Oltre 800 casi risolti e commentati$fCalogero Vinci$gLuciana Maria Vinci 210 $aTorino$cGiappichelli$d2004 215 $aX, 225 p.$d24 cm 225 2 $aGuide al diritto tributario$v8 410 1$1001LAEC00022050$12001 $a*Guide al diritto tributario$v8 700 1$aVinci$b, Calogero$3A600200035576$4070$0107166 702 1$aVinci, Luciana Maria$3A600200035577$4070 801 0$aIT$bUNISOB$c20231220$gRICA 850 $aUNISOB 852 $aUNISOB$j340$m129080 912 $aE600200017346 940 $aM 102 Monografia moderna SBN 941 $aM 957 $a340$b005304$gSi$d129080$racquisto$1diguida$2UNISOB$3UNISOB$420060327092429.0$520231220115825.0$6Spinosa 996 $aFisco$91690021 997 $aUNISOB